| 000 | 00553cam a2200193ua 4500 | ||
|---|---|---|---|
| 001 | 976 | ||
| 008 | 110425n ii |||gr||||Z||||||eng | ||
| 020 | _a81-237-2300-8 | ||
| 040 | _cMAIN | ||
| 082 | _a322.420954 | ||
| 245 | 1 |
_aBharatar swadhinata sangramat biplabbadi sakalar abodan. _cBy Hiren Gohain. |
|
| 250 | _a1st. | ||
| 260 |
_aNew Delhi.: _bNational book trust.,998. |
||
| 300 |
_a86 p.: _c21 cm. |
||
| 653 | _aPolitical science. | ||
| 653 | _aBharatar swadhinata sangramat biplabbadi sakalar abodan. | ||
| 700 | 1 | _aGohain, Hiren., | |
| 942 | _cBK | ||
| 999 |
_c895 _d895 |
||